| 000 -LEADER |
| fixed length control field |
01180cam a2200325 i 4500 |
| 001 - CONTROL NUMBER |
| control field |
18164853 |
| 005 - DATE AND TIME OF LATEST TRANSACTION |
| control field |
20221111163546.0 |
| 008 - FIXED-LENGTH DATA ELEMENTS--GENERAL INFORMATION |
| fixed length control field |
140521s2014 nyu 000 0 eng |
| 010 ## - LIBRARY OF CONGRESS CONTROL NUMBER |
| LC control number |
2014941345 |
| 020 ## - INTERNATIONAL STANDARD BOOK NUMBER |
| International Standard Book Number |
9780199689668x |
| 041 ## - LANGUAGE CODE |
| Language code of text/sound track or separate title |
eng |
| 080 ## - UNIVERSAL DECIMAL CLASSIFICATION NUMBER |
| Universal Decimal Classification number |
327(4) P-78 |
| 100 1# - MAIN ENTRY--PERSONAL NAME |
| Personal name |
Bache, Ian. |
| 9 (RLIN) |
11003 |
| 245 10 - TITLE STATEMENT |
| Title |
Politics in the European Union / |
| Statement of responsibility, etc. |
Ian Bache, Simon Bulmer, Stephen George & Owen Parker. |
| 250 ## - EDITION STATEMENT |
| Edition statement |
Fourth edition. |
| 264 #1 - PRODUCTION, PUBLICATION, DISTRIBUTION, MANUFACTURE, AND COPYRIGHT NOTICE |
| Place of production, publication, distribution, manufacture |
New York, NY : |
| Name of producer, publisher, distributor, manufacturer |
Oxford University Press, |
| Date of production, publication, distribution, manufacture, or copyright notice |
2015. |
| 300 ## - PHYSICAL DESCRIPTION |
| Extent |
xxv, 604 pages ; |
| Dimensions |
25 cm. |
| 336 ## - CONTENT TYPE |
| Content type term |
text |
| Content type code |
txt |
| Source |
rdacontent |
| 337 ## - MEDIA TYPE |
| Media type term |
unmediated |
| Media type code |
n |
| Source |
rdamedia |
| 338 ## - CARRIER TYPE |
| Carrier type term |
volume |
| Carrier type code |
nc |
| Source |
rdacarrier |
| 490 0# - SERIES STATEMENT |
| Series statement |
The new European Union series |
| 504 ## - BIBLIOGRAPHY, ETC. NOTE |
| Bibliography, etc. note |
Includes bibliographical references (pages 537-560) and index. |
| 653 ## - INDEX TERM--UNCONTROLLED |
| keyword |
Politics in the European Union |
| 653 ## - INDEX TERM--UNCONTROLLED |
| keyword |
პოლიტიკა ევროკავშირში |
| 653 ## - INDEX TERM--UNCONTROLLED |
| keyword |
Политика в Европейском Союзе |
| 700 1# - ADDED ENTRY--PERSONAL NAME |
| Personal name |
Bulmer, Simon. |
| 9 (RLIN) |
11006 |
| Relator term |
ავტორი |
| 700 1# - ADDED ENTRY--PERSONAL NAME |
| Personal name |
George, Stephen |
| Dates associated with a name |
|
| 9 (RLIN) |
11007 |
| Relator term |
ავტორი |
| 700 1# - ADDED ENTRY--PERSONAL NAME |
| Personal name |
Parker, Owen |
| 9 (RLIN) |
11008 |
| Relator term |
ავტორი |
| 942 ## - ADDED ENTRY ELEMENTS (KOHA) |
| Source of classification or shelving scheme |
|
| Koha item type |
წიგნი |